000
00316nam a2200157Ia 4500
100
_a
Adiga Aravind
942
_c
BK
366
_f
17.5
654
_a
white tiger
245
_a
The White Tiger
260
_b
Harper collins
_c
2008
082
_a
88.83/ADI
_b
ADI
300
_a
321
546
_a
ENGLISH
999
_c
17756
_d
17756